[Event "GER-ch Net Amateur Gr-B Final"]
[Site "Playchess.com INT"]
[Date "2020.04.18"]
[Round "7"]
[White "Eckert, David"]
[Black "Ebner, Bruno"]
[Result "0-1"]
[WhiteElo "1626"]
[BlackElo "1722"]
[PlyCount "116"]
[EventDate "2020.04.18"]
[EventType "swiss (blitz)"]
[EventRounds "13"]
[EventCountry "GER"]
[SourceTitle "CBM 195 Extra"]
[Source "ChessBase"]
[SourceDate "2020.05.31"]
[SourceVersion "1"]
[SourceVersionDate "2020.05.31"]
[SourceQuality "1"]

1. Nf3 c5 2. c4 Nc6 3. Nc3 g6 4. d3 Bg7 5. e4 d6 6. a3 Nf6 7. Qc2 0-0 8. Be2 Bd7 9. b3 a6 10. Bb2 Rb8 11. a4 Nb4 12. Qd2 b5 13. axb5 axb5 14. 0-0 bxc4 15. bxc4 Qb6 16. Rfb1 Ra8 17. h3 Rxa1 18. Rxa1 Rb8 19. Ba3 Ra8 20. Kh2 Nh5 21. Bb2 Rxa1 22. Bxa1 Qa7 23. Bb2 e6 24. Nd1 Qa2 25. Bxg7 Qxd2 26. Nxd2 Nxg7 27. Nb3 f5 28. f3 fxe4 29. fxe4 Ne8 30. Kg3 Nf6 31. Ne3 Kf7 32. Kf3 h5 33. Kf2 Ba4 34. Nd2 Nd7 35. Nb1 Bc2 36. Nxc2 Nxc2 37. Nc3 Ne5 38. Nb5 Ke7 39. Nc3 Nb4 40. Ke3 Kd7 41. Nd1 Nc2+ 42. Kd2 Nd4 43. Ne3 Kc6 44. Nc2 Nb3+ 45. Kc3 Nc1 46. Bf1 d5 47. cxd5+ exd5 48. Kb2 Ncxd3+ 49. Bxd3 Nxd3+ 50. Kc3 dxe4 51. Kc4 Kd6 52. Ne3 Ne1 53. g4 hxg4 54. Nxg4 Nf3 55. Nf2 e3 56. Ne4+ Ke5 57. Nxc5 e2 58. Nd3+ Ke4 0-1

[Event "GER-ch Net Amateur Gr-B Vor3"]
[Site "Playchess.com INT"]
[Date "2020.04.16"]
[Round "7"]
[White "Hammer, Klaus"]
[Black "Ebner, Bruno"]
[Result "1/2-1/2"]
[WhiteElo "1812"]
[BlackElo "1686"]
[PlyCount "80"]
[EventDate "2020.04.16"]
[EventType "swiss (blitz)"]
[EventRounds "9"]
[EventCountry "GER"]
[SourceTitle "CBM 195 Extra"]
[Source "ChessBase"]
[SourceDate "2020.05.31"]
[SourceVersion "1"]
[SourceVersionDate "2020.05.31"]
[SourceQuality "1"]

1. d4 d5 2. c4 Nf6 3. Nc3 Bf5 4. Qb3 b6 5. cxd5 e6 6. Qa4+ Nbd7 7. dxe6 Bxe6 8. e4 Qe7 9. Bg5 h6 10. Bh4 g5 11. Bg3 c5 12. Bb5 cxd4 13. Qxd4 Bg7 14. Bd6 Qd8 15. Rd1 Rc8 16. Be5 0-0 17. Bxd7 Bxd7 18. Nf3 Qe7 19. 0-0 Be6 20. Bxf6 Bxf6 21. Qe3 Bc4 22. Rfe1 Rfd8 23. e5 Rxd1 24. Rxd1 Bg7 25. Nd5 Qe6 26. Nc3 Kh7 27. h3 Bd5 28. Nd4 Qd7 29. Qd3+ Kg8 30. Nf5 Be6 31. Qxd7 Bxd7 32. Ne7+ Kf8 33. Nxc8 Bxc8 34. Rd8+ Ke7 35. Rxc8 Bxe5 36. Rc7+ Bxc7 37. Nd5+ Kd6 38. Nxc7 Kxc7 39. g3 Kd6 40. Kg2 Kd5 1/2-1/2

[Event "GER-ch Net Amateur Gr-B Vor1"]
[Site "Playchess.com INT"]
[Date "2020.04.14"]
[Round "6"]
[White "Ebner, Bruno"]
[Black "Weber, Michael"]
[Result "1/2-1/2"]
[WhiteElo "1663"]
[BlackElo "1590"]
[PlyCount "174"]
[EventDate "2020.04.14"]
[EventType "swiss (blitz)"]
[EventRounds "9"]
[EventCountry "GER"]
[SourceTitle "EXT 2021"]
[Source "ChessBase"]
[SourceDate "2020.10.23"]
[SourceVersion "1"]
[SourceVersionDate "2020.10.23"]
[SourceQuality "1"]

1. d4 d5 2. c4 c6 3. Nc3 e6 4. cxd5 cxd5 5. Bf4 Nc6 6. e3 Bd6 7. Bg3 Nf6 8. Nf3 0-0 9. a3 b6 10. Qc2 a5 11. Nb5 Bxg3 12. hxg3 Bb7 13. Bd3 g6 14. Rc1 Rc8 15. Qb1 Ne7 16. Rxc8 Bxc8 17. Ne5 Nd7 18. Ng4 f5 19. Nh6+ Kg7 20. Nd6 Ng8 21. Nxg8 Rxg8 22. Qc1 Nf6 23. Qc6 Bd7 24. Qb7 Ne8 25. Nxe8+ Rxe8 26. 0-0 Re7 27. Qa6 Bc8 28. Qb5 Qc7 29. b4 Bd7 30. Qa6 axb4 31. axb4 Re8 32. Ra1 Rc8 33. Qa3 Kf8 34. f3 Kf7 35. e4 dxe4 36. fxe4 Qc3 37. exf5 Qxa3 38. Rxa3 Rc1+ 39. Kh2 exf5 40. d5 Rc7 41. Be2 Ke7 42. Bf3 Kd6 43. Re3 Rc4 44. Rb3 Rd4 45. Kh3 Bc8 46. Rc3 Bb7 47. b5 Bxd5 48. Bxd5 Rxd5 49. Rc6+ Kd7 50. Rxb6 Rd6 51. Rb7+ Ke6 52. Rxh7 Rb6 53. Rg7 Kf6 54. Rc7 Rxb5 55. Rc6+ Kf7 56. g4 Rb3+ 57. g3 fxg4+ 58. Kxg4 Rb4+ 59. Kg5 Rb5+ 60. Kf4 Rf5+ 61. Ke4 Ra5 62. g4 Rb5 63. Kf4 Rb4+ 64. Ke5 Rb5+ 65. Kf4 Rb4+ 66. Kg3 Rb5 67. Kh4 Rd5 68. Rc7+ Kf6 69. Rc6+ Kf7 70. Rc7+ Kf6 71. g5+ Kf5 72. Rf7+ Ke4 73. Rf6 Rd4 74. Rxg6 Kf5+ 75. Kh5 Rh4+ 76. Kxh4 Kxg6 77. Kg4 Kg7 78. Kf5 Kf7 79. Ke5 Kg6 80. Kf4 Kg7 81. Ke5 Kg6 82. Kf4 Kg7 83. Kg3 Kg6 84. Kg4 Kg7 85. Kf5 Kf7 86. g6+ Kg7 87. Kg5 Kg8 1/2-1/2

[Event "GER-ch Net Amateur Gr-B Vor1"]
[Site "Playchess.com INT"]
[Date "2020.04.14"]
[Round "7"]
[White "Mantu, Eugen"]
[Black "Ebner, Bruno"]
[Result "1-0"]
[WhiteElo "1665"]
[BlackElo "1654"]
[PlyCount "89"]
[EventDate "2020.04.14"]
[EventType "swiss (blitz)"]
[EventRounds "9"]
[EventCountry "GER"]
[SourceTitle "EXT 2021"]
[Source "ChessBase"]
[SourceDate "2020.10.23"]
[SourceVersion "1"]
[SourceVersionDate "2020.10.23"]
[SourceQuality "1"]

1. d4 g6 2. Bf4 Bg7 3. Qd2 d6 4. Nc3 Nd7 5. Nf3 c5 6. d5 Ngf6 7. Bh6 0-0 8. Bxg7 Kxg7 9. 0-0-0 Nb6 10. e4 Bg4 11. Be2 Nfd7 12. h3 Bxf3 13. Bxf3 Nc4 14. Qd3 Nde5 15. Qe2 Qb6 16. b3 Nxf3 17. Qxc4 Ne5 18. Qe2 Rac8 19. f4 Nd7 20. Na4 Qa5 21. f5 b5 22. Nb2 Qxa2 23. Nd3 b4 24. Nf4 Qa1+ 25. Kd2 Qc3+ 26. Kc1 c4 27. bxc4 Rxc4 28. Qd3 Rfc8 29. Qxc3+ Rxc3 30. Rd2 b3 31. Kb2 bxc2 32. Rc1 Nb6 33. Rdxc2 Na4+ 34. Kb1 Rb8+ 35. Ka2 Re3 36. Rc4 Nb6 37. Rb4 g5 38. Nh5+ Kh6 39. g4 Re2+ 40. Kb3 a5 41. Rb5 a4+ 42. Kc3 Re3+ 43. Kd4 Re2 44. Rcb1 Rd2+ 45. Ke3 1-0